[Event "4NCL/Div1/BET vs. NWE1"]
[Site "Coventry ENG"]
[Date "2007.01.14"]
[Round "6.5"]
[White "Duncan, Christopher R"]
[Black "Carleton, John J"]
[Result "1/2-1/2"]
[WhiteElo "2309"]
[BlackElo "2306"]
[PlyCount "136"]
[EventDate "2007.01.14"]
[EventType "team"]
[EventRounds "11"]
[EventCountry "ENG"]
[WhiteTeam "Betsson.com"]
[BlackTeam "N W Eagles 1"]

1. Nf3 Nf6 2. c4 e6 3. Nc3 d5 4. d4 Bb4 5. Bg5 h6 6. Bxf6 Qxf6 7. e3 c5 8. cxd5
exd5 9. Be2 Nc6 10. O-O Be6 11. Nb5 O-O 12. a3 Ba5 13. dxc5 Qxb2 14. Nfd4 Nxd4
15. exd4 Bg4 16. Bxg4 Qxb5 17. Rb1 Qc6 18. Qb3 Rab8 19. Bf3 Rfd8 20. Rfc1 a6
21. Rc2 Rd7 22. Re2 b5 23. Re5 Rbd8 24. Qe3 Kf8 25. Qd3 Re7 26. Rxe7 Kxe7 27.
g3 Kf8 28. Qe3 Qe6 29. Qf4 Qf6 30. Qxf6 gxf6 31. Rc1 Ke7 32. Kf1 Kd7 33. Bh5
Rf8 34. Ke2 Kc6 35. Kd3 Re8 36. Bxf7 Re1 37. Rxe1 Bxe1 38. f3 Bf2 39. Be6 Bg1
40. h3 Bh2 41. g4 Bf4 42. Bf7 Bc1 43. Be8+ Kc7 44. Bf7 Kc6 45. a4 bxa4 46. Be8+
Kc7 47. Bxa4 Bf4 48. Kc3 Be3 49. Bc2 a5 50. Ba4 Bf4 51. Kd3 Bh2 52. Ke3 Bg1+
53. Kf4 Bxd4 54. Kf5 Bxc5 55. Kxf6 Be3 56. h4 Kd6 57. g5 hxg5 58. hxg5 Bd4+ 59.
Kf5 Ke7 60. f4 Kf7 61. Bb3 Kg7 62. Bxd5 Bb2 63. Ke6 Bc1 64. Ke5 Bb2+ 65. Ke4
Bc1 66. Kf3 Bd2 67. Kg4 Bc1 68. f5 Bb2 1/2-1/2

[Event "4NCL/Div1/BET vs. NWE1"]
[Site "Coventry ENG"]
[Date "2007.01.14"]
[Round "6.6"]
[White "Kennaugh, Charles W"]
[Black "Ledger, David J"]
[Result "1-0"]
[WhiteElo "2287"]
[BlackElo "2291"]
[PlyCount "73"]
[EventDate "2007.01.14"]
[EventType "team"]
[EventRounds "11"]
[EventCountry "ENG"]
[WhiteTeam "N W Eagles 1"]
[BlackTeam "Betsson.com"]

1. e4 e5 2. f4 Bc5 3. Nf3 d6 4. c3 Nf6 5. d4 exd4 6. cxd4 Bb6 7. Nc3 O-O 8. e5
dxe5 9. fxe5 Nd5 10. Bg5 Qd7 11. Bc4 c6 12. Qb3 Ba5 13. O-O Nxc3 14. bxc3 b5
15. e6 bxc4 16. Qa3 Qxe6 17. Rae1 Qd7 18. Qxa5 Qd5 19. Qc7 Na6 20. Qg3 f6 21.
Bh6 Qd7 22. Bc1 Bb7 23. Nh4 Rfe8 24. Rxe8+ Rxe8 25. Rxf6 c5 26. Rd6 Qe7 27. Bg5
Qe4 28. h3 cxd4 29. Rxd4 Qb1+ 30. Kh2 Nc5 31. Bf6 Ne6 32. Bxg7 Nxd4 33. Be5+
Kf7 34. Qg7+ Ke6 35. Qf6+ Kd5 36. Qd6+ Ke4 37. Qxd4# 1-0

[Event "4NCL/Div1/BET vs. NWE1"]
[Site "Coventry ENG"]
[Date "2007.01.14"]
[Round "6.7"]
[White "Ledger, Stephen C"]
[Black "van der Linden, Lukas"]
[Result "1-0"]
[WhiteElo "2170"]
[BlackElo "2290"]
[PlyCount "113"]
[EventDate "2007.01.14"]
[EventType "team"]
[EventRounds "11"]
[EventCountry "ENG"]
[WhiteTeam "Betsson.com"]
[BlackTeam "N W Eagles 1"]

1. d4 Nf6 2. Nf3 g6 3. Bf4 Bg7 4. h3 O-O 5. e3 d6 6. Be2 Nbd7 7. O-O Qe8 8. c4
e5 9. Bh2 Qe7 10. Nc3 c6 11. Rc1 Re8 12. c5 dxc5 13. dxe5 Nd5 14. Nxd5 cxd5 15.
Qxd5 Nxe5 16. Qxc5 Nxf3+ 17. Bxf3 Bxb2 18. Qxe7 Rxe7 19. Rb1 Be5 20. Bxe5 Rxe5
21. Rfd1 Rc5 22. Bxb7 Rb8 23. Bxc8 Rbxc8 24. Rb7 a6 25. a4 R8c6 26. Rbd7 Rc4
27. R1d4 Rc1+ 28. Kh2 Rf6 29. Kg3 Ra1 30. e4 Ra3+ 31. f3 Ra2 32. Ra7 g5 33. e5
Rc6 34. Rd8+ Kg7 35. Rdd7 Rxa4 36. Rxf7+ Kg6 37. Rxh7 Kf5 38. Rae7 Ra2 39.
Rhf7+ Kg6 40. Rc7 Rb6 41. Rg7+ Kf5 42. Rcf7+ Kxe5 43. Rxg5+ Kd4 44. Kf4 a5 45.
g4 a4 46. Ra5 Kc3 47. h4 Kb3 48. Kg5 a3 49. Rfa7 Ra1 50. h5 Kb2 51. f4 Rb8 52.
h6 Rg8+ 53. Rg7 Rh8 54. Kg6 Rg1 55. g5 a2 56. Rb7+ Ka1 57. Rba7 1-0

[Event "4NCL/Div1/BET vs. NWE1"]
[Site "Coventry ENG"]
[Date "2007.01.14"]
[Round "6.8"]
[White "Lyell, Meri"]
[Black "Tidman, Sophie"]
[Result "0-1"]
[WhiteElo "2061"]
[BlackElo "2092"]
[PlyCount "54"]
[EventDate "2007.01.14"]
[EventType "team"]
[EventRounds "11"]
[EventCountry "ENG"]
[WhiteTeam "N W Eagles 1"]
[BlackTeam "Betsson.com"]

1. e4 e6 2. d4 d5 3. exd5 exd5 4. Bd3 Bd6 5. Nf3 Nc6 6. O-O Bg4 7. Be3 Nge7 8.
c4 dxc4 9. Bxc4 O-O 10. Nbd2 Nf5 11. Be2 Re8 12. Nc4 Bxf3 13. Bxf3 Ncxd4 14.
Bxb7 Rb8 15. g3 Rxb7 16. Bxd4 Bxg3 17. hxg3 Nxd4 18. Qa4 Re6 19. Rad1 Qd5 20.
Rxd4 Qxd4 21. Rd1 Qf6 22. Qd7 Rb8 23. Qxc7 Rbe8 24. Ne3 Qf3 25. Rd8 Qe4 26. Rd7
Rh6 27. Kf1 Qf3 0-1

[Event "4NCL/Div1/SWD1 vs. AD"]
[Site "Coventry ENG"]
[Date "2007.01.14"]
[Round "6.1"]
[White "Cobb, James E"]
[Black "Speelman, Jonathan S"]
[Result "1/2-1/2"]
[WhiteElo "2420"]
[BlackElo "2533"]
[PlyCount "45"]
[EventDate "2007.01.14"]
[EventType "team"]
[EventRounds "11"]
[EventCountry "ENG"]
[WhiteTeam "S W Dragons 1"]
[BlackTeam "The ADs"]

1. d4 Nf6 2. c4 e6 3. Nc3 Bb4 4. e3 O-O 5. Nge2 d5 6. a3 Be7 7. Nf4 c6 8. cxd5
exd5 9. Bd3 Re8 10. O-O Bd6 11. Bd2 Nbd7 12. f3 Nf8 13. Kh1 c5 14. dxc5 Bxc5
15. e4 dxe4 16. Nxe4 Nxe4 17. Bxe4 Bd6 18. Ba5 Qf6 19. Nh5 Qe5 20. Ng3 Qxa5 21.
Qxd6 Rd8 22. Qb4 Qxb4 23. axb4 1/2-1/2

[Event "4NCL/Div1/SWD1 vs. AD"]
[Site "Coventry ENG"]
[Date "2007.01.14"]
[Round "6.2"]
[White "Smerdon, David"]
[Black "Cooper, John G"]
[Result "1-0"]
[WhiteElo "2460"]
[BlackElo "2345"]
[PlyCount "65"]
[EventDate "2007.01.14"]
[EventType "team"]
[EventRounds "11"]
[EventCountry "ENG"]
[WhiteTeam "The ADs"]
[BlackTeam "S W Dragons 1"]

1. e4 c5 2. Nf3 e6 3. c3 d5 4. exd5 exd5 5. d4 Nc6 6. Bb5 Bd6 7. dxc5 Bxc5 8.
O-O Nge7 9. Nbd2 O-O 10. Nb3 Bb6 11. Re1 Nf5 12. Bd3 h6 13. Bc2 Re8 14. Rxe8+
Qxe8 15. Bf4 Nce7 16. Ne5 Be6 17. Qe2 Rd8 18. Re1 Qa4 19. g3 d4 20. g4 d3 21.
Nxd3 Nh4 22. Nd4 Qxa2 23. Nb4 Rxd4 24. cxd4 Qa5 25. Bg3 Qxb4 26. Bxh4 Nd5 27.
Rd1 Kf8 28. Bf5 g5 29. Bg3 Bxf5 30. gxf5 Nf6 31. Be5 Qe7 32. d5 Ng4 33. Bg7+
1-0

[Event "4NCL/Div1/SWD1 vs. AD"]
[Site "Coventry ENG"]
[Date "2007.01.14"]
[Round "6.3"]
[White "Dineley, Richard D P"]
[Black "Mestel, A Jonathan"]
[Result "0-1"]
[WhiteElo "2266"]
[BlackElo "2478"]
[PlyCount "66"]
[EventDate "2007.01.14"]
[EventType "team"]
[EventRounds "11"]
[EventCountry "ENG"]
[WhiteTeam "S W Dragons 1"]
[BlackTeam "The ADs"]

1. e4 c5 2. Nf3 d6 3. d4 cxd4 4. Nxd4 Nf6 5. Nc3 g6 6. Be2 Nc6 7. O-O Bg7 8.
Nb3 O-O 9. Bg5 Be6 10. Kh1 h6 11. Be3 d5 12. exd5 Nxd5 13. Nxd5 Qxd5 14. Qc1
Kh7 15. c3 Rad8 16. Nc5 Bc8 17. Qc2 Ne5 18. Rfd1 Qc6 19. Rxd8 Rxd8 20. Rd1 Bf5
21. Qb3 Rxd1+ 22. Qxd1 b6 23. Nd3 Nxd3 24. Bxd3 Qd5 25. Bc2 Qxa2 26. Bxf5 gxf5
27. Qc1 b5 28. h3 a5 29. Qd2 e6 30. Kh2 a4 31. Bc5 Qc4 32. Qd6 Qe2 33. Qe7 Kg6
0-1

[Event "4NCL/Div1/SWD1 vs. AD"]
[Site "Coventry ENG"]
[Date "2007.01.14"]
[Round "6.4"]
[White "Richardson, John R"]
[Black "Kett, Timothy"]
[Result "0-1"]
[WhiteElo "2312"]
[BlackElo "2237"]
[PlyCount "120"]
[EventDate "2007.01.14"]
[EventType "team"]
[EventRounds "11"]
[EventCountry "ENG"]
[WhiteTeam "The ADs"]
[BlackTeam "S W Dragons 1"]

1. d4 Nf6 2. c4 e6 3. Nc3 Bb4 4. e3 b6 5. Bd3 Bb7 6. Nge2 Bxg2 7. Rg1 Bf3 8.
Qc2 O-O 9. Rg3 Bxe2 10. Qxe2 d5 11. e4 dxc4 12. Bh6 g6 13. Bxc4 Nc6 14. O-O-O
Nxd4 15. Qd3 Nc6 16. Qc2 Qe7 17. Bxf8 Rxf8 18. f4 Nh5 19. Rf3 Qf6 20. Qf2 Bc5
21. e5 Qf5 22. Bd3 Bxf2 23. Bxf5 Bc5 24. Be4 Nd4 25. Rfd3 Nf5 26. Bxf5 gxf5 27.
Rf1 c6 28. Na4 Be7 29. Rd7 Bh4 30. Kd2 Rd8 31. Rxd8+ Bxd8 32. Ke3 Kf8 33. Kf3
Bc7 34. Rc1 Ke7 35. Rxc6 Kd7 36. Rc4 f6 37. exf6 Nxf6 38. Nc3 a6 39. a4 Bd6 40.
b4 Bb8 41. b5 axb5 42. axb5 Nh5 43. Na4 Bc7 44. Rc6 Bxf4 45. Rxb6 e5 46. Nc5+
Ke8 47. h3 e4+ 48. Kf2 Bg3+ 49. Kg2 Bc7 50. Rh6 Nf4+ 51. Kf1 e3 52. b6 Be5 53.
Ne6 e2+ 54. Kf2 Bc3 55. Nc7+ Kd8 56. Re6 Nxe6 57. Nxe6+ Ke7 58. Kxe2 Kxe6 59.
Kd3 Be5 60. Kc4 f4 0-1

[Event "4NCL/Div1/SWD1 vs. AD"]
[Site "Coventry ENG"]
[Date "2007.01.14"]
[Round "6.5"]
[White "Zeidler, Sven P"]
[Black "Snape, Ian"]
[Result "1/2-1/2"]
[WhiteElo "2211"]
[BlackElo "2235"]
[PlyCount "59"]
[EventDate "2007.01.14"]
[EventType "team"]
[EventRounds "11"]
[EventCountry "ENG"]
[WhiteTeam "S W Dragons 1"]
[BlackTeam "The ADs"]

1. e4 c5 2. Nc3 g6 3. f4 Bg7 4. Nf3 Nc6 5. Bb5 Nd4 6. O-O Nh6 7. Bc4 O-O 8. h3
e6 9. d3 d5 10. exd5 b5 11. Nxb5 exd5 12. Nbxd4 dxc4 13. Nc6 Qc7 14. Nce5 cxd3
15. cxd3 Nf5 16. Bd2 Bb7 17. Rc1 Bxf3 18. Qxf3 Bxe5 19. fxe5 Qxe5 20. Bc3 Nd4
21. Bxd4 Qxd4+ 22. Qf2 Qxd3 23. Rxc5 a5 24. Rc7 Qd5 25. b3 Rac8 26. Ra7 Rc3 27.
Re7 Rd3 28. Re3 Rd2 29. Re2 Rd3 30. Re3 1/2-1/2

[Event "4NCL/Div1/SWD1 vs. AD"]
[Site "Coventry ENG"]
[Date "2007.01.14"]
[Round "6.6"]
[White "Wheeler, Darren P"]
[Black "James, David J"]
[Result "1/2-1/2"]
[WhiteElo "2242"]
[BlackElo "2224"]
[PlyCount "44"]
[EventDate "2007.01.14"]
[EventType "team"]
[EventRounds "11"]
[EventCountry "ENG"]
[WhiteTeam "The ADs"]
[BlackTeam "S W Dragons 1"]

1. e4 c5 2. f4 d5 3. exd5 Nf6 4. Bb5+ Bd7 5. Bxd7+ Qxd7 6. c4 e6 7. Qe2 Bd6 8.
f5 O-O 9. fxe6 fxe6 10. dxe6 Qc8 11. Nf3 Re8 12. O-O Rxe6 13. Qd1 Nc6 14. d3
Qd7 15. Nc3 h6 16. Nd5 Rd8 17. Bf4 Bf8 18. Nxf6+ Rxf6 19. Bg3 Rf7 20. Re1 Qxd3
21. Qxd3 Rxd3 22. Rad1 Rfd7 1/2-1/2

[Event "4NCL/Div1/SWD1 vs. AD"]
[Site "Coventry ENG"]
[Date "2007.01.14"]
[Round "6.7"]
[White "Morris, Charles F"]
[Black "Cafferty, Bernard"]
[Result "1-0"]
[WhiteElo "2207"]
[BlackElo "2208"]
[PlyCount "39"]
[EventDate "2007.01.14"]
[EventType "team"]
[EventRounds "11"]
[EventCountry "ENG"]
[WhiteTeam "S W Dragons 1"]
[BlackTeam "The ADs"]

1. Nf3 Nf6 2. c4 b6 3. d3 Bb7 4. e4 e6 5. e5 Ng8 6. Nc3 Ne7 7. d4 d6 8. exd6
cxd6 9. d5 e5 10. Bd3 Nd7 11. Qa4 a6 12. Be3 h6 13. b4 g6 14. Ne4 Nf5 15. Bxb6
Qxb6 16. c5 dxc5 17. bxc5 Bxc5 18. Rb1 O-O-O 19. Rxb6 Bxb6 20. Bxa6 1-0

[Event "4NCL/Div1/SWD1 vs. AD"]
[Site "Coventry ENG"]
[Date "2007.01.14"]
[Round "6.8"]
[White "Bellin, Jana"]
[Black "Wilson, Julie"]
[Result "1-0"]
[WhiteElo "2142"]
[BlackElo "1932"]
[PlyCount "111"]
[EventDate "2007.01.14"]
[EventType "team"]
[EventRounds "11"]
[EventCountry "ENG"]
[WhiteTeam "The ADs"]
[BlackTeam "S W Dragons 1"]

1. d4 Nf6 2. Nf3 e6 3. c4 b6 4. g3 Bb7 5. Bg2 c5 6. dxc5 Bxc5 7. O-O O-O 8. Nc3
h6 9. a3 d5 10. b4 Be7 11. cxd5 Nxd5 12. Bb2 Nd7 13. Nxd5 Bxd5 14. Qa4 a6 15.
Rfd1 b5 16. Qc2 Rc8 17. Qd3 Nf6 18. Rac1 Rxc1 19. Rxc1 Qb6 20. Bd4 Qb7 21. Qc3
Rd8 22. Be5 Ne8 23. Ne1 f6 24. Bd4 Bxg2 25. Nxg2 e5 26. Be3 Nd6 27. Bc5 Nc4 28.
Bxe7 Qxe7 29. Ne3 Nxe3 30. Qxe3 Qd6 31. Qa7 Rd7 32. Qa8+ Rd8 33. Qb7 Rd7 34.
Rc8+ Kf7 35. Qf3 Rd8 36. Rc6 Qd1+ 37. Kg2 Rd6 38. Qh5+ Kf8 39. Rc8+ Rd8 40. Rc7
Qd5+ 41. Qf3 Qxf3+ 42. Kxf3 Rd6 43. Ra7 Kg8 44. g4 Kh7 45. e3 Kg6 46. h4 h5 47.
gxh5+ Kxh5 48. Rxg7 Kxh4 49. Ke4 Rd2 50. f3 Ra2 51. Rg6 Rxa3 52. Rxf6 a5 53.
bxa5 Rxa5 54. Kxe5 b4+ 55. Kf4 Kh5 56. Rb6 1-0

[Event "4NCL/Div1/BRI1 vs. SLOS1"]
[Site "Coventry ENG"]
[Date "2007.01.14"]
[Round "6.1"]
[White "Berzinsh, Roland"]
[Black "Jones, Gawain C B"]
[Result "0-1"]
[WhiteElo "2438"]
[BlackElo "2509"]
[PlyCount "56"]
[EventDate "2007.01.14"]
[EventType "team"]
[EventRounds "11"]
[EventCountry "ENG"]
[WhiteTeam "Bristol 1"]
[BlackTeam "Slough Sharks 1"]

1. e4 c5 2. Nf3 d6 3. d4 cxd4 4. Nxd4 Nf6 5. Nc3 g6 6. g3 Nc6 7. Nde2 Bd7 8.
Bg2 Bg7 9. h3 Qc8 10. Bg5 O-O 11. Qc1 Re8 12. Bh6 Bh8 13. Nf4 Nd4 14. Qd2 e5
15. Nfe2 b5 16. Rc1 b4 17. Nd5 Nxd5 18. exd5 Bb5 19. c4 Bxc4 20. Qxb4 Bxe2 21.
Rxc8 Raxc8 22. Qxd6 Rc2 23. Qd7 Bb5 24. Qxa7 Rxb2 25. d6 Rc8 26. Be4 Re2+ 27.
Kd1 Rxe4 28. d7 Be2+ 0-1

[Event "4NCL/Div1/BRI1 vs. SLOS1"]
[Site "Coventry ENG"]
[Date "2007.01.14"]
[Round "6.2"]
[White "Rendle, Thomas E"]
[Black "Cobb, Charles"]
[Result "1/2-1/2"]
[WhiteElo "2366"]
[BlackElo "2405"]
[PlyCount "82"]
[EventDate "2007.01.14"]
[EventType "team"]
[EventRounds "11"]
[EventCountry "ENG"]
[WhiteTeam "Slough Sharks 1"]
[BlackTeam "Bristol 1"]

1. f4 d5 2. Nf3 g6 3. g3 Bg7 4. Bg2 Nh6 5. e3 O-O 6. d3 c6 7. O-O Qb6 8. c3 Bg4
9. h3 Bxf3 10. Qxf3 f5 11. Kh2 Nd7 12. e4 dxe4 13. dxe4 e5 14. Nd2 exf4 15.
gxf4 fxe4 16. Qxe4 Rae8 17. Qc4+ Kh8 18. Nf3 Qc5 19. Qd3 Nb6 20. Ng5 Qc4 21.
Qf3 Nf5 22. Ne4 Nh4 23. Qf2 Nf5 24. b3 Qd3 25. Ba3 Rf7 26. Rad1 Qa6 27. Bc5 Nd5
28. Ng5 Rc7 29. Rde1 Rcc8 30. Nf7+ Kg8 31. c4 Nde3 32. Bxe3 Kxf7 33. Bc5 b6 34.
Rxe8 Rxe8 35. Bxc6 bxc5 36. Bxe8+ Kxe8 37. Qxc5 Qe6 38. Qxa7 Bd4 39. Qa8+ Kf7
40. Qd5 Qxd5 41. cxd5 Ke7 1/2-1/2

[Event "4NCL/Div1/BRI1 vs. SLOS1"]
[Site "Coventry ENG"]
[Date "2007.01.14"]
[Round "6.3"]
[White "Rudd, Jack"]
[Black "Martyn, Rafe"]
[Result "0-1"]
[WhiteElo "2359"]
[BlackElo "2276"]
[PlyCount "62"]
[EventDate "2007.01.14"]
[EventType "team"]
[EventRounds "11"]
[EventCountry "ENG"]
[WhiteTeam "Bristol 1"]
[BlackTeam "Slough Sharks 1"]

1. e4 c6 2. d4 d5 3. exd5 cxd5 4. c4 Nf6 5. Nc3 Nc6 6. Nf3 Bg4 7. cxd5 Nxd5 8.
Qb3 Bxf3 9. gxf3 Nb6 10. Be3 e6 11. O-O-O Be7 12. Rg1 O-O 13. d5 exd5 14. Nxd5
Nxd5 15. Rxd5 Qc7 16. Qc3 Bf6 17. Bd4 Qxh2 18. Rxg7+ Bxg7 19. Bxg7 Rfc8 20. Rg5
Qf4+ 21. Qe3 Ne5+ 22. Kd1 Rd8+ 23. Kc2 Qa4+ 24. b3 Qxa2+ 25. Kc3 Qa1+ 26. Kc2
Qd1+ 27. Kc3 Rac8+ 28. Bc4 Rd3+ 29. Kb4 Rxc4+ 30. bxc4 Qb3+ 31. Kc5 b6# 0-1

[Event "4NCL/Div1/BRI1 vs. SLOS1"]
[Site "Coventry ENG"]
[Date "2007.01.14"]
[Round "6.4"]
[White "Gourlay, Iain"]
[Black "Beaumont, Chris"]
[Result "1/2-1/2"]
[WhiteElo "2348"]
[BlackElo "2314"]
[PlyCount "57"]
[EventDate "2007.01.14"]
[EventType "team"]
[EventRounds "11"]
[EventCountry "ENG"]
[WhiteTeam "Slough Sharks 1"]
[BlackTeam "Bristol 1"]

1. Nf3 d6 2. c4 e5 3. g3 f5 4. d3 Nf6 5. Nc3 Be7 6. Bg2 O-O 7. O-O Qe8 8. Nd5
Bd8 9. Bg5 Nbd7 10. Nd2 c6 11. Bxf6 Nxf6 12. Nxf6+ Rxf6 13. b4 Qh5 14. e3 Qh6
15. b5 Bd7 16. bxc6 Bxc6 17. Bxc6 bxc6 18. Qa4 Bb6 19. Qxc6 Raf8 20. a4 f4 21.
a5 Bc5 22. exf4 exf4 23. Ne4 Rg6 24. Rab1 Qh3 25. Qd5+ Kh8 26. Qf7 Qc8 27. Qd5
Qh3 28. Qf7 Qc8 29. Qd5 1/2-1/2

[Event "4NCL/Div1/BRI1 vs. SLOS1"]
[Site "Coventry ENG"]
[Date "2007.01.14"]
[Round "6.6"]
[White "Rees, Ioan"]
[Black "Buckley, David E"]
[Result "0-1"]
[WhiteElo "2268"]
[BlackElo "2232"]
[PlyCount "90"]
[EventDate "2007.01.14"]
[EventType "team"]
[EventRounds "11"]
[EventCountry "ENG"]
[WhiteTeam "Slough Sharks 1"]
[BlackTeam "Bristol 1"]

1. d4 d5 2. Nf3 Nf6 3. c4 c6 4. Nc3 a6 5. e3 b5 6. b3 Bg4 7. h3 Bxf3 8. gxf3 e6
9. Bd2 Nbd7 10. f4 b4 11. Ne2 c5 12. Bg2 Be7 13. O-O O-O 14. f5 exf5 15. cxd5
Rc8 16. dxc5 Bxc5 17. Rc1 a5 18. Nf4 Nb6 19. Qf3 Bd6 20. Rxc8 Qxc8 21. Rc1 Qb8
22. Nh5 Ne4 23. Qxf5 Nxd2 24. Qd3 g6 25. Nf6+ Kg7 26. Qxd2 Kxf6 27. Qd4+ Ke7
28. Qh4+ Ke8 29. Bf1 Nd7 30. Bb5 Be7 31. Qe4 Kd8 32. d6 Bxd6 33. Qc6 Ne5 34.
Qa6 Ke7 35. f4 Nd7 36. Bxd7 Kxd7 37. Qc6+ Ke7 38. Qe4+ Kd7 39. Qc6+ Ke7 40.
Qe4+ Kd8 41. Qd4 Kd7 42. Rd1 Rd8 43. Qf6 Ke8 44. Rd4 Qc7 45. Re4+ Be7 0-1

[Event "4NCL/Div1/BRI1 vs. SLOS1"]
[Site "Coventry ENG"]
[Date "2007.01.14"]
[Round "6.7"]
[White "Collier, David O"]
[Black "Rudolf, Anna"]
[Result "0-1"]
[WhiteElo "2149"]
[BlackElo "2279"]
[PlyCount "80"]
[EventDate "2007.01.14"]
[EventType "team"]
[EventRounds "11"]
[EventCountry "ENG"]
[WhiteTeam "Bristol 1"]
[BlackTeam "Slough Sharks 1"]

1. d4 e6 2. e4 d5 3. Nc3 Bb4 4. e5 Ne7 5. Nf3 b6 6. a3 Bxc3+ 7. bxc3 c5 8. a4
Ba6 9. Bxa6 Nxa6 10. Qd3 Qc8 11. Qb5+ Nc6 12. Ba3 O-O 13. O-O Re8 14. Qd3 h6
15. Rfe1 cxd4 16. Nxd4 Na5 17. Nb5 Nc4 18. Bd6 Qd7 19. f4 Nc5 20. Bxc5 bxc5 21.
Na3 Nxa3 22. Rxa3 Rab8 23. g3 Qc6 24. a5 Rb2 25. c4 d4 26. Rb3 Rb8 27. Rxb8+
Rxb8 28. f5 exf5 29. Qxf5 Qe6 30. Qf1 Rb4 31. Qf3 Rxc4 32. Rb1 Rxc2 33. Qe4 Qg6
34. Qd5 Qd3 35. Rf1 Qe3+ 36. Kh1 Rf2 37. Rxf2 Qxf2 38. Qa8+ Kh7 39. Qe4+ g6 40.
h4 Qf1+ 0-1

[Event "4NCL/Div1/BRI1 vs. SLOS1"]
[Site "Coventry ENG"]
[Date "2007.01.14"]
[Round "6.8"]
[White "Roberson, Peter T"]
[Black "James, Ann-Marie"]
[Result "1-0"]
[WhiteElo "2202"]
[BlackElo "2063"]
[PlyCount "127"]
[EventDate "2007.01.14"]
[EventType "team"]
[EventRounds "11"]
[EventCountry "ENG"]
[WhiteTeam "Slough Sharks 1"]
[BlackTeam "Bristol 1"]

1. e4 e5 2. Nf3 Nc6 3. Bb5 Bc5 4. O-O Nf6 5. Nxe5 Nxe5 6. d4 Bd6 7. dxe5 Bxe5
8. f4 Bd6 9. Nc3 c6 10. Qxd6 Qb6+ 11. Kh1 cxb5 12. Qxb6 axb6 13. Nxb5 O-O 14.
Nd6 Ne8 15. Nc4 Ra6 16. Bd2 b5 17. Ne5 Nf6 18. Rfe1 Re8 19. a3 d6 20. Nf3 Nxe4
21. Nd4 Bd7 22. Bb4 Raa8 23. Kg1 d5 24. Rad1 Rad8 25. h3 h5 26. c3 g6 27. Re3
Kg7 28. Nb3 Bc6 29. Ba5 Ra8 30. Bb6 Nd6 31. Nd2 Rxe3 32. Bxe3 Re8 33. Kf2 Nc4
34. Nxc4 dxc4 35. Rd6 Kh7 36. g4 hxg4 37. hxg4 Re7 38. Rd8 Re8 39. Rd2 f5 40.
g5 Kg7 41. Rd6 Rg8 42. Bd4+ Kf7 43. Be5 Be4 44. Ke3 Ke7 45. Rf6 Bc6 46. Kd4
Rd8+ 47. Kc5 Be8 48. Kb6 Rd5 49. Kxb7 Rd7+ 50. Ka6 Rd2 51. Kb6 Rxb2 52. Kc7 Bf7
53. Rb6 Be8 54. Rd6 Ra2 55. Rf6 Bf7 56. Rb6 Be8 57. Bd4 Re2 58. Rf6 Bf7 59.
Bc5+ Ke8 60. Rb6 Bd5 61. Rxb5 Kf7 62. Rb6 Re8 63. Rd6 Be6 64. Rd8 1-0

[Event "4NCL/Div1/BAR1 vs. SLOS1"]
[Site "Wokefield Park ENG"]
[Date "2007.03.03"]
[Round "7.1"]
[White "Parker, Jonathan"]
[Black "Navara, David"]
[Result "1/2-1/2"]
[WhiteElo "2522"]
[BlackElo "2719"]
[PlyCount "62"]
[EventDate "2007.03.03"]
[EventType "team"]
[EventRounds "11"]
[EventCountry "ENG"]
[WhiteTeam "Barbican 4NCL 1"]
[BlackTeam "Slough Sharks 1"]

1. d4 Nf6 2. c4 e6 3. Nc3 Bb4 4. e3 c5 5. Bd3 O-O 6. Nge2 cxd4 7. exd4 d5 8.
cxd5 Nxd5 9. O-O Nc6 10. Bc2 Re8 11. Qd3 g6 12. Qf3 b6 13. Rd1 Ba6 14. Nxd5
exd5 15. Be3 Bxe2 16. Qxe2 Qf6 17. Qb5 Bd6 18. Qxd5 Nb4 19. Qb3 a5 20. a4 Bf4
21. Bxf4 Qxf4 22. Bd3 Rad8 23. Bb5 Re6 24. g3 Qe4 25. Rac1 Rxd4 26. Rc8+ Kg7
27. Qc3 Red6 28. Rxd4 Rxd4 29. Rc4 Qb1+ 30. Kg2 Qe4+ 31. Kg1 Qb1+ 1/2-1/2

[Event "4NCL/Div1/BAR1 vs. SLOS1"]
[Site "Wokefield Park ENG"]
[Date "2007.03.03"]
[Round "7.3"]
[White "Cox, John J"]
[Black "Rendle, Thomas E"]
[Result "1/2-1/2"]
[WhiteElo "2404"]
[BlackElo "2366"]
[PlyCount "114"]
[EventDate "2007.03.03"]
[EventType "team"]
[EventRounds "11"]
[EventCountry "ENG"]
[WhiteTeam "Barbican 4NCL 1"]
[BlackTeam "Slough Sharks 1"]

1. d4 f5 2. g3 Nf6 3. Bg2 g6 4. Nf3 Bg7 5. O-O O-O 6. c4 d6 7. Nc3 c6 8. d5 e5
9. dxe6 Bxe6 10. Qd3 Na6 11. Bf4 Qb6 12. Qxd6 Rfe8 13. Qd2 Rad8 14. Qc1 Bxc4
15. Be3 c5 16. b3 Bb5 17. Rb1 Ne4 18. Nxb5 Qxb5 19. Qc4+ Qxc4 20. bxc4 b6 21.
Rb3 Nb4 22. a3 Nc6 23. Rc1 Nd4 24. Bxd4 cxd4 25. Kf1 Nc3 26. Rc2 d3 27. exd3
Rxd3 28. Rc1 Rd6 29. Ne1 Ne2 30. Rc2 Nd4 31. Rd2 Rxe1+ 32. Kxe1 Re6+ 33. Kd1
Nxb3 34. Rd8+ Kf7 35. Bd5 Ke7 36. Rg8 Bd4 37. Bxe6 Kxe6 38. f3 Nc5 39. Ke2 Kf7
40. Ra8 a5 41. Ra7+ Ke6 42. Rxh7 Bb2 43. h4 Bxa3 44. g4 fxg4 45. fxg4 Nd7 46.
h5 gxh5 47. gxh5 Bb2 48. Kd1 Bf6 49. Kc2 a4 50. h6 Ne5 51. Ra7 Nxc4 52. Rxa4
Nd6 53. h7 Kf5 54. Ra6 Kg6 55. Rxb6 Nf7 56. Rb7 Bg7 57. Ra7 Nh8 1/2-1/2

[Event "4NCL/Div1/BAR1 vs. SLOS1"]
[Site "Wokefield Park ENG"]
[Date "2007.03.03"]
[Round "7.4"]
[White "Krensing, Jan"]
[Black "Ferguson, Mark"]
[Result "0-1"]
[WhiteElo "2301"]
[BlackElo "2403"]
[PlyCount "70"]
[EventDate "2007.03.03"]
[EventType "team"]
[EventRounds "11"]
[EventCountry "ENG"]
[WhiteTeam "Slough Sharks 1"]
[BlackTeam "Barbican 4NCL 1"]

1. d4 d5 2. c4 c6 3. Nf3 Nf6 4. Nc3 dxc4 5. a4 Bf5 6. e3 e6 7. Bxc4 Bb4 8. O-O
O-O 9. Qe2 Bg6 10. Ne5 Nbd7 11. Nxg6 hxg6 12. Na2 Be7 13. Rd1 Qc7 14. e4 e5 15.
f4 exd4 16. e5 Nd5 17. b4 N7b6 18. a5 Nxc4 19. Qxc4 a6 20. Rxd4 Rad8 21. Bd2
Qc8 22. Rd1 Qe6 23. Qc2 Nc7 24. Be3 Rxd4 25. Rxd4 Nd5 26. Bd2 Re8 27. Nc1 g5
28. fxg5 Qxe5 29. Rh4 Bxg5 30. Qh7+ Kf8 31. Qh8+ Ke7 32. Bxg5+ Kd7 33. Qxe8+
Kxe8 34. Bd2 Qb2 35. Re4+ Kd7 0-1

[Event "4NCL/Div1/BAR1 vs. SLOS1"]
[Site "Wokefield Park ENG"]
[Date "2007.03.03"]
[Round "7.5"]
[White "Knott, Simon"]
[Black "Hinks-Edwards, Thomas"]
[Result "1/2-1/2"]
[WhiteElo "2372"]
[BlackElo "2363"]
[PlyCount "34"]
[EventDate "2007.03.03"]
[EventType "team"]
[EventRounds "11"]
[EventCountry "ENG"]
[WhiteTeam "Barbican 4NCL 1"]
[BlackTeam "Slough Sharks 1"]

1. Nf3 Nf6 2. c4 e6 3. Nc3 b6 4. g3 Bb7 5. Bg2 c5 6. O-O Be7 7. Re1 Ne4 8. Nxe4
Bxe4 9. d3 Bb7 10. e4 d6 11. d4 cxd4 12. Nxd4 O-O 13. b3 a6 14. Bb2 Re8 15. e5
Bxg2 16. exd6 Qxd6 17. Kxg2 Nc6 1/2-1/2